La acrópolis de Atenas.

Guardado en:
Formato: Deslizar
Series:Patrimonio Mundial
Materias:
Etiquetas: Agregar Etiqueta
Sin Etiquetas, Sea el primero en etiquetar este registro!
LEADER 00938ngm a22002655g 4500
001 CEM.cems021418
008 130507b1992##################0###0#####d
005 20240822182129.0
245 0 0 |a La acrópolis de Atenas. 
300 |a 15 
490 0 |a Patrimonio Mundial 
500 |a En soporte VHS, consultar en ventanilla. 
505 0 |a Historia de su construcción. Esculturas. Crecimiento urbano de Atenas. Bienes culturales griegos en museos británicos. Destrucción de las obras por la contaminación. Restauración de esculturas: fases. 
538 |a Soporte: VHS - Norma: Pal N - Color - Grabación Drd 1992 - Hitachi=2640 
082 7 0 |/ PAT 
653 |a ARTE 
653 |a ARQUITECTURA 
653 |a ATENAS 
653 |a ACROPOLIS 
653 |a GRECIA 
653 |a CULTURAS 
653 |a EUROPA-ARTE 
653 |a EUROPA 
653 |a NIVEL SECUNDARIO 
859 |a CEMS  |b BIB. CEMS - Depto. Recursos Didacticos  |h 700  |i PAT  |k DRD  |p 61.12  |t Ej.1